History of Indian Education : (Record no. 18835)

MARC details
000 -LEADER
fixed length control field 00603nam a22001817a 4500
003 - CONTROL NUMBER IDENTIFIER
control field BDDh-ASL
005 - DATE AND TIME OF LATEST TRANSACTION
control field 20231015025736.0
008 - FIXED-LENGTH DATA ELEMENTS--GENERAL INFORMATION
fixed length control field 201028s19911990ii ||||| |||| 00| 0 eng d
040 ## - CATALOGING SOURCE
Original cataloging agency BDDh-ASL
Transcribing agency BDDh-ASL
082 ## - DEWEY DECIMAL CLASSIFICATION NUMBER
Classification number 370
Item number CHH
100 1# - MAIN ENTRY--PERSONAL NAME
9 (RLIN) 1734
Personal name Chaube, S. P.
Titles and words associated with a name Dr.
245 10 - TITLE STATEMENT
Title History of Indian Education :
Remainder of title Highlighting the salient features from the ancient to moderntimes /
260 ## - PUBLICATION, DISTRIBUTION, ETC.
Place of publication, distribution, etc. Agra :
Name of publisher, distributor, etc. Vinod Pustak Mandir,
Date of publication, distribution, etc. 1991.
300 ## - PHYSICAL DESCRIPTION
Extent 280 p. :
Dimensions 22 cm.
504 ## - BIBLIOGRAPHY, ETC. NOTE
Bibliography, etc. note Includes bibliographical references and index.
650 #0 - SUBJECT ADDED ENTRY--TOPICAL TERM
9 (RLIN) 1210
Topical term or geographic name entry element Education
General subdivision History
Geographic subdivision India
942 ## - ADDED ENTRY ELEMENTS (KOHA)
Source of classification or shelving scheme Dewey Decimal Classification
Koha item type Books
Holdings
Withdrawn status Lost status Source of classification or shelving scheme Damaged status Not for loan Collection code Home library Current library Shelving location Date acquired Source of acquisition Total Checkouts Full call number Barcode Date last seen Copy number Price effective from Koha item type
    Dewey Decimal Classification     Non-fiction Asiatic Society Library Asiatic Society Library General Stacks 10/28/2020 Donated by Professor Husniara Huq   370 CHH 102067 10/28/2020 C-1 10/28/2020 Books

Powered by Koha